Entrepreneur magazine’s ultimate small business marketing guide : 1500 great marketing tricks that will drive your business through the roof

Na minha lista:
Detalhes bibliográficos
Autor principal: Stephenson, James
Formato: Livro
Idioma:Undetermined
Publicado em: [Irvine, Calif.] Entrepreneur Press c2007
Assuntos:
Tags: Adicionar Tag
Sem tags, seja o primeiro a adicionar uma tag!
Thư viện lưu trữ: Trung tâm Học liệu Trường Đại học Cần Thơ
LEADER 00792nam a2200205Ia 4500
001 CTU_153868
008 210402s9999 xx 000 0 und d
082 |a 658.8 
082 |b S836 
100 |a Stephenson, James 
245 0 |a Entrepreneur magazine’s ultimate small business marketing guide : 
245 0 |b 1500 great marketing tricks that will drive your business through the roof 
245 0 |c James Stephenson with Courtney Thurman 
260 |a [Irvine, Calif.] 
260 |b Entrepreneur Press 
260 |c c2007 
650 |a Marketing,Success in business,Small business,Kinh doanh vừa và nhỏ,Thành công trong kinh doanh,Tiếp thị 
650 |x Management,Quản lý 
904 |i Trọng Hiếu 
980 |a Trung tâm Học liệu Trường Đại học Cần Thơ